Wheat production in Bangladesh : (Record no. 2345)

MARC details
000 -LEADER
fixed length control field 00778nam a22002177a 4500
001 - CONTROL NUMBER
control field BD-DhSAU 2345
003 - CONTROL NUMBER IDENTIFIER
control field BD-DhSAU
005 - DATE AND TIME OF LATEST TRANSACTION
control field 20150127154817.0
008 - FIXED-LENGTH DATA ELEMENTS--GENERAL INFORMATION
fixed length control field 150127b1983 bg |||| |||| 000 0 eng d
040 ## - CATALOGING SOURCE
Original cataloging agency BD-DhSAU
082 ## - DEWEY DECIMAL CLASSIFICATION NUMBER
Edition number 22
Classification number 338.11.5492
Item number ELW
100 ## - MAIN ENTRY--PERSONAL NAME
Personal name Elias, S. M.
245 ## - TITLE STATEMENT
Title Wheat production in Bangladesh :
Remainder of title socio-economic assessment of improved technology and identification of constraints to higher production /
Statement of responsibility, etc. S. M. Elias and M. S. Hussain
260 ## - PUBLICATION, DISTRIBUTION, ETC. (IMPRINT)
Place of publication, distribution, etc. Dhaka :
Name of publisher, distributor, etc. Division of Agricultural Economics, Bangladesh Agricultural Research Institute ,
Date of publication, distribution, etc. 1983.
300 ## - PHYSICAL DESCRIPTION
Extent xi, 167 p. :
Dimensions 27 cm.
590 ## - Name of Cataloguer
Name of Cataloger tamanna
650 ## - SUBJECT ADDED ENTRY--TOPICAL TERM
Topical term or geographic name as entry element horticulture
650 ## - SUBJECT ADDED ENTRY--TOPICAL TERM
Topical term or geographic name as entry element Wheat production- Bangladesh
650 ## - SUBJECT ADDED ENTRY--TOPICAL TERM
Topical term or geographic name as entry element Wheat cultivation
700 ## - ADDED ENTRY--PERSONAL NAME
Personal name Hussain, M. S.
942 ## - ADDED ENTRY ELEMENTS (KOHA)
Source of classification or shelving scheme Dewey Decimal Classification
Koha item type Book
Holdings
Withdrawn status Lost status Source of classification or shelving scheme Damaged status Not for loan Home library Branch Name Shelving location Date acquired Total Checkouts Full call number Barcode Date last seen Price effective from Koha item type
    Dewey Decimal Classification     SAU Library SAU Library General Stacks 09/04/1994   338.11.5492 ELW 26268 27/01/2015 27/01/2015 Book
    Dewey Decimal Classification   Not For Loan SAU Library SAU Library On Display 31/05/1984   338.11.5492 ELW 9246 02/05/2015 02/05/2015 Book